| 000 | 00818nam a2200289Ia 4500 | ||
|---|---|---|---|
| 001 | Para_1818 | ||
| 003 | CHAP | ||
| 008 | 220125sc199 xx 000 0 und d | ||
| 010 | _a200431 | ||
| 040 | _cCHAP | ||
| 082 | _aPA 633.18 H4 | ||
| 100 |
_aHeinrichs, E.A., ed. _9164041 |
||
| 245 |
_aRice insects : _b management strategis / _c by E.A. Heinrichs and T.A. Miller, ed. |
||
| 260 |
_aNew York : _b Spinger-Velog |
||
| 300 | _a347 p. | ||
| 650 |
_aArroz _x plagas _97643 |
||
| 650 |
_aArroz _x variedades resistentes a plagas _97670 |
||
| 650 |
_aControl de plagas _927595 |
||
| 700 |
_aMiller, T.A. _9165303 |
||
| 901 | _aPA 633.18 H4 | ||
| 902 | _aA | ||
| 905 | _a000000c1991 a 0000000000 00 | ||
| 910 | _ac199 | ||
| 942 | _cPARA | ||
| 942 |
_cPARA _d1 |
||
| 999 |
_c200431 _d200431 |
||